Normal view
MARC view
- Mangat, Jaskiran.
Entry Meeting Name
001 - CONTROL NUMBER
- control field: 69066
003 - CONTROL NUMBER IDENTIFIER
- control field: OSt
005 - DATE AND TIME OF LATEST TRANSACTION
- control field: 20251030134931.0
008 - FIXED-LENGTH DATA ELEMENTS
- fixed length control field: 251030|| aca||aabn | a|a d
040 ## - CATALOGING SOURCE
- Original cataloging agency: OSt
111 ## - HEADING--MEETING NAME
- Meeting name or jurisdiction name as entry element: Mangat, Jaskiran.
- Relator term: author.
